| 000 | 01221cam a2200325 a 4500 | ||
|---|---|---|---|
| 001 | 1394390 | ||
| 003 | ARRUPE | ||
| 005 | 20220513085139.0 | ||
| 008 | 820526s1981 enka b 001 0 eng | ||
| 010 | _a 82147114 | ||
| 015 | _aGB*** | ||
| 020 | _a0521239648 | ||
| 040 |
_aDLC _cDLC _dDLC |
||
| 050 | 0 | 0 |
_aQ174 _b.F49 vol. 2 _aQ175 |
| 082 | 0 | 0 |
_a501 s _a501 _219 |
| 100 | 1 |
_aFeyerabend, Paul, _d1924-1994. _913175 |
|
| 245 | 1 | 0 |
_aProblems of empiricism / _cPaul K. Feyerabend. _bphilosophical papers volume 2 |
| 260 |
_aCambridge ; _aNew York : _bCambridge University Press, _c1981. |
||
| 300 |
_axii, 255 p. : _bill. ; _c24 cm. |
||
| 490 | 1 |
_aPhilosophical papers / Paul K. Feyerabend ; _vv. 2 |
|
| 504 | _aIncludes bibliographical references and indexes. | ||
| 650 | 0 |
_aScience _xPhilosophy. |
|
| 650 | 0 |
_aEmpiricism. _92894 |
|
| 650 | 0 |
_aScience _xMethodology. |
|
| 800 | 1 |
_aFeyerabend, Paul, _d1924-1994. _tPhilosophical papers ; _vv. 2. _951566 |
|
| 856 | 4 | 2 |
_3Publisher description _uhttp://www.loc.gov/catdir/description/cam041/82147114.html |
| 856 | 4 | 1 |
_3Table of contents _uhttp://www.loc.gov/catdir/toc/cam025/82147114.html |
| 906 |
_a7 _bcbc _corignew _d2 _encip _f19 _gy-gencatlg |
||
| 942 |
_2lcc _cMONOGRAPH |
||
| 999 |
_c131421 _d131421 |
||